Ligue 1 Winners Tile Select - Statistics

General Stats
  • This quiz has been taken 48 times
  • The average score is 41 of 48
Answer Stats
Question Tile Select % Correct
Ligue 1 / Division 1 / Division nationale Winners Lyon Yes
100%
Ligue 1 / Division 1 / Division nationale Winners Martigues No
100%
Ligue 1 / Division 1 / Division nationale Winners Monaco Yes
100%
Ligue 1 / Division 1 / Division nationale Winners Tours No
100%
Ligue 1 / Division 1 / Division nationale Winners Grenoble No
97%
Ligue 1 / Division 1 / Division nationale Winners Laval No
97%
Ligue 1 / Division 1 / Division nationale Winners Lille OSC Yes
97%
Ligue 1 / Division 1 / Division nationale Winners Marseille Yes
97%
Ligue 1 / Division 1 / Division nationale Winners Paris Saint-Germain Yes
97%
Ligue 1 / Division 1 / Division nationale Winners Bordeaux Yes
95%
Ligue 1 / Division 1 / Division nationale Winners Caen No
95%
Ligue 1 / Division 1 / Division nationale Winners Nancy No
95%
Ligue 1 / Division 1 / Division nationale Winners Paris FC No
95%
Ligue 1 / Division 1 / Division nationale Winners Toulon No
95%
Ligue 1 / Division 1 / Division nationale Winners Troyes No
95%
Ligue 1 / Division 1 / Division nationale Winners Valenciennes No
95%
Ligue 1 / Division 1 / Division nationale Winners Angoulême No
92%
Ligue 1 / Division 1 / Division nationale Winners Brest No
92%
Ligue 1 / Division 1 / Division nationale Winners Dijon No
92%
Ligue 1 / Division 1 / Division nationale Winners Le Mans No
92%
Ligue 1 / Division 1 / Division nationale Winners Bastia No
89%
Ligue 1 / Division 1 / Division nationale Winners Montpellier Yes
89%
Ligue 1 / Division 1 / Division nationale Winners Nantes Yes
87%
Ligue 1 / Division 1 / Division nationale Winners Nîmes No
87%
Ligue 1 / Division 1 / Division nationale Winners Red Star No
87%
Ligue 1 / Division 1 / Division nationale Winners Reims Yes
87%
Ligue 1 / Division 1 / Division nationale Winners Saint-Etienne Yes
87%
Ligue 1 / Division 1 / Division nationale Winners Sedan No
87%
Ligue 1 / Division 1 / Division nationale Winners Ajaccio No
84%
Ligue 1 / Division 1 / Division nationale Winners Fives No
84%
Ligue 1 / Division 1 / Division nationale Winners Guingamp No
84%
Ligue 1 / Division 1 / Division nationale Winners Metz No
84%
Ligue 1 / Division 1 / Division nationale Winners Rouen No
84%
Ligue 1 / Division 1 / Division nationale Winners Angers No
82%
Ligue 1 / Division 1 / Division nationale Winners Auxerre Yes
82%
Ligue 1 / Division 1 / Division nationale Winners Stade Français No
82%
Ligue 1 / Division 1 / Division nationale Winners Cannes No
79%
Ligue 1 / Division 1 / Division nationale Winners Lens Yes
79%
Ligue 1 / Division 1 / Division nationale Winners Nice Yes
79%
Ligue 1 / Division 1 / Division nationale Winners Le Havre No
76%
Ligue 1 / Division 1 / Division nationale Winners Rennes No
71%
Ligue 1 / Division 1 / Division nationale Winners Toulouse No
66%
Ligue 1 / Division 1 / Division nationale Winners Strasbourg Yes
61%
Ligue 1 / Division 1 / Division nationale Winners Olympique Lillois Yes
58%
Ligue 1 / Division 1 / Division nationale Winners Sète Yes
55%
Ligue 1 / Division 1 / Division nationale Winners Sochaux Yes
55%
Ligue 1 / Division 1 / Division nationale Winners Roubaix-Tourcoing Yes
50%
Ligue 1 / Division 1 / Division nationale Winners RC Paris Yes
47%
No matching quizzes found
Score Distribution
Percent of People with Each Score
Percentile by Number Answered
Your Score History
You have not taken this quiz